Vznik najväčšej banky na svete má riešiť najmä domáce problémy je trojfúzia IBJ - DKB - Fuji prvý krok ku skutočnej revitalizácii japonského finančného sektora?
Tri japonské banky: Industrial Bank of Japan (IBJ), Dai-Ichi Kangyo (DKB) a Fuji Bank oznámili vytvorenie aliancie, ktorá o niekoľko rokov vyústi do vytvorenia spoločného subjektu. Ďalšie plánované fázy spojenia. Charakter a zmysel tejto fúzie. Problémy japonského bankového sektora. Výsledky japonsk...
Salvato in:
| Autore principale: | |
|---|---|
| Natura: | Capitolo di libro |
| Lingua: | slovacco |
| Soggetti: | |
| Tags: |
Nessun Tag, puoi essere il primo ad aggiungerne!!
|
MARC
| LEADER | 00000naa a2200000 4500 | ||
|---|---|---|---|
| 001 | r035910 | ||
| 005 | 20230824101846.7 | ||
| 041 | 0 | |a slo | |
| 044 | |a SK | ||
| 245 | 1 | 0 | |a Vznik najväčšej banky na svete má riešiť najmä domáce problémy |b je trojfúzia IBJ - DKB - Fuji prvý krok ku skutočnej revitalizácii japonského finančného sektora? |c Radoslav Tomek |
| 520 | |a Tri japonské banky: Industrial Bank of Japan (IBJ), Dai-Ichi Kangyo (DKB) a Fuji Bank oznámili vytvorenie aliancie, ktorá o niekoľko rokov vyústi do vytvorenia spoločného subjektu. Ďalšie plánované fázy spojenia. Charakter a zmysel tejto fúzie. Problémy japonského bankového sektora. Výsledky japonských "city" bánk za posledné roky. Najväčšie banky sveta. | ||
| 610 | 2 | 0 | |a fúzie |
| 610 | 2 | 0 | |a banky |
| 610 | 2 | 0 | |a Industrial Bank of Japan |
| 610 | 2 | 0 | |a Dai-Ichi Kangyo |
| 610 | 2 | 0 | |a Fuji Bank |
| 610 | 2 | 0 | |a Japonsko |
| 610 | 2 | 0 | |a bankovníctvo |
| 610 | 2 | 0 | |a výnosy |
| 610 | 2 | 0 | |a úver rizikový |
| 100 | 1 | |a Tomek, Radoslav | |